000 00338nam a2200145Ia 4500
008 191201s2010 xx 000 0 und d
082 _a658.827
_bMAB
100 _aMATHUR,U.C
245 0 _aBrand Management Text and Cases
250 _aRep
260 _aN.Delhi
_bMacmillan
_c2010
300 _a173
650 _aMBA
942 _2ddc
_cBK
_01
999 _c5312
_d5312